ბათუმის შოთა რუსთაველის სახელმწიფო უნივერსიტეტის ბიბლიოთეკა

Экономика неплаneжей: (ბიბ.ჩანაწერი № 37322)

000 -LEADER
fixed length control field 00772nam a2200229Ia 4500
001 - CONTROL NUMBER
control field 3281
003 - CONTROL NUMBER IDENTIFIER
control field GE_BSU
005 - DATE AND TIME OF LATEST TRANSACTION
control field 20221102112117.0
008 - FIXED-LENGTH DATA ELEMENTS--GENERAL INFORMATION
fixed length control field 181216s1997ru xx |||||||||||||| ||rus||
020 ## - INTERNATIONAL STANDARD BOOK NUMBER
International Standard Book Number 586532019Х
040 ## - CATALOGING SOURCE
Transcribing agency GE_BSU
041 ## - LANGUAGE CODE
Language code of text/sound track or separate title rus
080 ## - UNIVERSAL DECIMAL CLASSIFICATION NUMBER
Universal Decimal Classification number 336.3 Д-29
100 ## - MAIN ENTRY--PERSONAL NAME
Personal name Делягин, М.
9 (RLIN) 15725
245 ## - TITLE STATEMENT
Title Экономика неплаneжей:
Remainder of title Как и почему мы будем Жить завтра/
Statement of responsibility, etc. М. Делягин.
260 ## - PUBLICATION, DISTRIBUTION, ETC.
Place of publication, distribution, etc. издание третье переработанное и дополненное
264 ## - PRODUCTION, PUBLICATION, DISTRIBUTION, MANUFACTURE, AND COPYRIGHT NOTICE
Place of production, publication, distribution, manufacture Москва :
Name of producer, publisher, distributor, manufacturer ,,Оригинал,"
Date of production, publication, distribution, manufacture, or copyright notice 1997.
300 ## - PHYSICAL DESCRIPTION
Extent 398 ст.:
653 ## - INDEX TERM--UNCONTROLLED
keyword Экономика неплатежей
653 ## - INDEX TERM--UNCONTROLLED
keyword ეკონომიკა
942 ## - ADDED ENTRY ELEMENTS (KOHA)
Koha item type წიგნი
Source of classification or shelving scheme
ეგზემპლარები
Withdrawn status Lost status Source of classification or shelving scheme Damaged status Not for loan Permanent Location Current Location Shelving location Date acquired Cost, normal purchase price Full call number Barcode Date last seen Copy number Price effective from Koha item type Public note
          ბათუმის შოთა რუსთაველის სახელმწიფო უნივერსიტეტის მთავარი ბიბლიოთეკა ბათუმის შოთა რუსთაველის სახელმწიფო უნივერსიტეტის მთავარი ბიბლიოთეკა წიგნსაცავი 2018-12-17 5.00 336.3 Д-29 7811 2018-12-17 7811 2018-12-17 წიგნი 5ლ.95თ.
          ბათუმის შოთა რუსთაველის სახელმწიფო უნივერსიტეტის მთავარი ბიბლიოთეკა ბათუმის შოთა რუსთაველის სახელმწიფო უნივერსიტეტის მთავარი ბიბლიოთეკა წიგნსაცავი 2018-12-17 5.00 336.3 Д-29 7812 2018-12-17 7812 2018-12-17 წიგნი 5ლ.95თ.
          ბათუმის შოთა რუსთაველის სახელმწიფო უნივერსიტეტის მთავარი ბიბლიოთეკა ბათუმის შოთა რუსთაველის სახელმწიფო უნივერსიტეტის მთავარი ბიბლიოთეკა წიგნსაცავი 2018-12-17 5.00 336.3 Д-29 8173 2018-12-17 8173 2018-12-17 წიგნი 5ლ.95თ.